Unique Continent Letter Countries Per Letter Quiz Stats

 Plays Quiz Updated May 29, 2018

Challenge
Share
Tweet
Embed
Score 0/19 Timer 03:00
5 Plays Today
Continent (Letter) Country % Correct
Europe (D)Denmark
98.9%
Asia (Q)Qatar
94.4%
Europe (E)Estonia
93.8%
North America (J)Jamaica
93.3%
Oceania (A)Australia
93.2%
Africa (U)Uganda
92.1%
Oceania (F)Fiji
91.9%
Asia (O)Oman
91.8%
Asia (Y)Yemen
91.7%
Africa (K)Kenya
89.2%
Continent (Letter) Country % Correct
Europe (H)Hungary
88.7%
Asia (V)Vietnam
87.8%
North America (M)Mexico
87.7%
South America (G)Guyana
87.5%
North America (N)Nicaragua
85.3%
North America (P)Panama
84.6%
South America (S)Suriname
82.8%
North America (T)Trinidad and Tobago
78.7%
Asia (R)Russia
73.5%

You're not logged in!

Compare scores with friends on all Sporcle quizzes.
OR
Log In

You Might Also Like...

Show Comments

Extras

Top Quizzes Today


Score Distribution

Your Account Isn't Verified!

In order to create a playlist on Sporcle, you need to verify the email address you used during registration. Go to your Sporcle Settings to finish the process.

Report this User

Report this user for behavior that violates our Community Guidelines.

Details: